2020 Yankees Opening Day Starting Line-up - Statistics

General Stats
  • This quiz has been taken 22 times
  • The average score is 7 of 9
Answer Stats
Hint Answer % Correct
RF Aaron Judge
95%
C Gary Sánchez
95%
DH Giancarlo Stanton
95%
CF Aaron Hicks
89%
SS Gleyber Torres
89%
1B Luke Voit
79%
3B Gio Urshela
63%
LF Brett Gardner
53%
2B Tyler Wade
16%
No matching quizzes found
Score Distribution
Percent of People with Each Score
Percentile by Number Answered
Your Score History
You have not taken this quiz